ARRUPE JESUIT UNIVERSITY

CORONAVIRUS -STOP THE SPREAD - CLEAN,DISINFECT,COVER

Badoli the ox (Record no. 119123)

MARC details
000 -LEADER
fixed length control field 00425nam a22001457a 4500
008 - FIXED-LENGTH DATA ELEMENTS--GENERAL INFORMATION
fixed length control field 131206b xxu||||| |||| 00| 0 eng d
050 ## - LIBRARY OF CONGRESS CALL NUMBER
Classification number SPC GN359.B68
100 ## - MAIN ENTRY--PERSONAL NAME
Personal name Bourke, Myles
9 (RLIN) 5284
245 ## - TITLE STATEMENT
Title Badoli the ox
260 ## - PUBLICATION, DISTRIBUTION, ETC. (IMPRINT)
Place of publication, distribution, etc London
Name of publisher, distributor, etc G. Allen & Unwin
Date of publication, distribution, etc 1944
300 ## - PHYSICAL DESCRIPTION
Extent 222p.
Dimensions 28cm
650 ## - SUBJECT ADDED ENTRY--TOPICAL TERM
Topical term or geographic name as entry element Tales - South Africa; Legends - South Africa
9 (RLIN) 5285
700 ## - ADDED ENTRY--PERSONAL NAME
Personal name Bailly, Stella (illust)
9 (RLIN) 5286
942 ## - ADDED ENTRY ELEMENTS (KOHA)
Source of classification or shelving scheme Library of Congress Classification
Item type Monograph ( Printed materials)
Holdings
Withdrawn status Lost status Source of classification or shelving scheme Damaged status Not for loan Home library Current library Date acquired Total Checkouts Full call number Barcode Date last seen Price effective from Koha item type
    Library of Congress Classification     ARRUPE LIBRARY ARRUPE LIBRARY 06/12/2013   SPC GN359.B68 464122649 06/12/2013 06/12/2013 Monograph ( Printed materials)

 

Arrupe Library. PO Box MP320 Mt Pleasant, Harare, Zimbabwe
263 242 745411|librarian@aju.ac.zw